000 00618nam a22002177a 4500
003 OSt
005 20170327175349.0
008 170327b xxu||||| |||| 00| 0 eng d
020 _a085369575X
020 _a9780853695752
040 _cDMLN
082 _aQV778 M323p 2006
100 _aMarriott, John F.;[et...al]
_911971
245 _aPharmaceutical Compounding and Dispensing
260 _aLondon; Pharmaceutical press, 2006
300 _axii,277p; col.ill: 25cm
504 _aAppendices, bibliography, & index included
650 _aPharmaceuticals
_95840
650 _aDispensing
_911948
942 _2z
_cSLOAN
999 _c5758
_d5758